000 00788nam a2200265Ia 4500
003 OSt
005 20220930085741.0
006 a|||||r|||| 00| 0
007 ta
008 220926b |||||||| |||| 00| 0 hin d
024 _a105002
037 _cTheses
040 _aCRL
_cCRL
_bhin
041 _2hin
_ahin
100 _aPraveen Kaur
_9541083
110 _aUniversity of Delhi. Faculty of Arts. Department of Hindi
245 0 _aGuru Gobind Singh ke kavya mein aprastut vidhan
260 _c2009
300 _a289p.
_ap.
_ccm.
650 _aHINDI LITERATURE
_923866
700 _a Dr. Bhupinder Singh Gu.
_9541084
700 _aUniversity of Delhi. Faculty of Arts. Department of Hindi
942 _cDIS
_2CC
999 _c879483
_d879483